Hospedería del errante

Guardat en:
Dades bibliogràfiques
Autor principal: Casanueva Carrasco, Manuel Luis (Autor)
Format: Llibre
Idioma:espanyol
Publicat: Valparaíso Universidad Católica de Valparaíso 1995
Matèries:
Etiquetes: Afegir etiqueta
Sense etiquetes, Sigues el primer a etiquetar aquest registre!

MARC

LEADER 00000nam a2200000 a 4500
001 UCS1438
003 CL-VaPUC
008 970509e19950000CL |||||||||||||||||spa|d
082 0 4 |a 728.72  |b CAS  |2 21 
100 0 |a Casanueva Carrasco, Manuel Luis  |e author  |9 385887 
245 1 0 |a Hospedería del errante 
300 |a v 
942 |c BK 
945 |d 19970509 00:00:00  |a amoreno 
260 |a Valparaíso  |b Universidad Católica de Valparaíso  |c 1995 
500 |a v.1: Campos de abstracción faenas iniciales tijerales desarrollo de maquetas 
500 |a v.2: Elementos techumbre y vitral 
500 |a v.3: Elementos tobera-galeria y deflector 
500 |a v.4: Lugares rincon de estudio escalera y atelier 
500 |a v.5: Campos de abstracción 
500 |a v.6: Conector S-W 
650 0 |a Hospederia  |9 385888 
650 7 |a PABELLON PUBLICO  |2 CL-VaPUC  |9 385889 
650 0 |a Arquitectura  |9 804558 
650 0 |a Construcción  |9 260195 
650 0 |a Viviendas   |9 255326 
583 |a last modification  |c 20180120 22:50:57  |k Rodrigo Vera 
999 |c 259525  |d 259523 
952 |0 0  |1 0  |4 0  |6 728_720000000000000_CAS_1995  |7 0  |8 R  |9 284350  |a BIBARQ  |b BIBARQ  |d 2019-11-19  |h v.1  |i 3302369  |l 3  |o 728.72 CAS 1995  |p 3302369  |r 2025-01-20  |s 2022-10-21  |w 2019-11-19  |y BK_R  |k ARQ 
952 |0 0  |1 0  |4 0  |6 728_720000000000000_CAS_1995  |7 0  |8 R  |9 284351  |a BIBARQ  |b BIBARQ  |d 2019-11-19  |h v.2  |i 3302377  |l 3  |o 728.72 CAS 1995  |p 3302377  |r 2025-01-20  |s 2022-10-21  |w 2019-11-19  |y BK_R  |k ARQ 
952 |0 0  |1 0  |4 0  |6 728_720000000000000_CAS_1995  |7 0  |8 R  |9 284352  |a BIBARQ  |b BIBARQ  |d 2019-11-19  |h v.3  |i 3302385  |l 3  |o 728.72 CAS 1995  |p 3302385  |r 2025-01-20  |s 2022-10-21  |w 2019-11-19  |y BK_R  |k ARQ 
952 |0 0  |1 0  |4 0  |6 728_720000000000000_CAS_1995  |7 0  |8 R  |9 284353  |a BIBARQ  |b BIBARQ  |d 2019-11-19  |h v.4  |i 3302393  |l 3  |o 728.72 CAS 1995  |p 3302393  |r 2025-01-20  |s 2022-10-21  |w 2019-11-19  |y BK_R  |k ARQ 
952 |0 0  |1 0  |4 0  |6 728_720000000000000_CAS_1995  |7 0  |8 R  |9 284354  |a BIBARQ  |b BIBARQ  |d 2019-11-19  |h v.5  |i 3302407  |l 2  |o 728.72 CAS 1995  |p 3302407  |r 2025-01-20  |s 2022-10-21  |w 2019-11-19  |y BK_R  |k ARQ 
952 |0 0  |1 0  |4 0  |6 728_720000000000000_CAS_1995  |7 0  |8 R  |9 284355  |a BIBARQ  |b BIBARQ  |d 2019-11-19  |h v.6  |i 3302415  |l 2  |o 728.72 CAS 1995  |p 3302415  |r 2025-01-20  |s 2022-08-18  |w 2019-11-19  |y BK_R  |k ARQ